000
00280nam a2200121Ia 4500
008
190216s9999||||xx |||||||||||||| ||und||
100
_a
Bhattadiripad M P
245
0
_a
Rhuthumathy
260
_b
Current Books
_c
1991
300
_a
113p
650
_a
Malayalam Nadakam
942
_c
BK
999
_c
27418
_d
27418